000 00427nam a2200181Ia 4500
005 20250423095733.0
008 250422s9999 xx 000 0 und d
020 _a314-97155-6
050 _aQC 21.2 .S625/
100 _aSnow, Theodore P.
245 0 _aInstructor’s manual to accompany physics
260 _aSt. Paul
260 _bWest Pub.
260 _c1986
300 _a292 p
650 _aphysics
942 _cBK
999 _c31178
_d31178